[Event "Sao Paulo-chT1"]
[Site "Sao Paulo"]
[Date "2019.03.10"]
[Round "7.1"]
[White "Da Cunha, Gabriela Goes"]
[Black "De Macedo, Camila Ferreira"]
[Result "0-1"]
[WhiteElo "1363"]
[BlackElo "1678"]
[PlyCount "194"]
[EventDate "2019.02.23"]
[EventType "team-tourn"]
[EventRounds "7"]
[EventCountry "BRA"]
[SourceTitle "EXT 2021"]
[Source "ChessBase"]
[SourceDate "2020.10.23"]
[SourceVersion "1"]
[SourceVersionDate "2020.10.23"]
[SourceQuality "1"]
[WhiteTeam "ATC"]
[BlackTeam "Osasco III"]
[WhiteTeamCountry "BRA"]
[BlackTeamCountry "BRA"]

1. e4 c5 2. Nf3 d6 3. d4 cxd4 4. Nxd4 Nf6 5. Nc3 g6 6. Be3 Bg7 7. Be2 0-0 8. 0-0 Nc6 9. Qd2 Ng4 10. Nxc6 bxc6 11. Bxg4 Bxg4 12. Bh6 Be6 13. Bxg7 Kxg7 14. Rfe1 Qb6 15. Rab1 Rab8 16. Qg5 Qc7 17. Qg3 Rb7 18. Red1 Rfb8 19. b3 Qa5 20. Na4 Kg8 21. Qf3 Qg5 22. Qg3 Qa5 23. f4 f5 24. e5 d5 25. Qe3 Rb4 26. Qg3 c5 27. Qg5 Qc7 28. h4 Bf7 29. h5 e6 30. h6 Qd8 31. Qxd8+ Rxd8 32. g3 Rc8 33. Nc3 Be8 34. Kf2 a5 35. a3 Rb7 36. Ne2 Rcb8 37. Nc3 d4 38. Na2 Bc6 39. Ke2 Be4 40. Kd2 Bd5 41. Ke2 a4 42. c4 Bxc4+ 43. Kd2 Bxb3 44. Rdc1 Bxa2 45. Rxb7 Rxb7 46. Rxc5 Rb8 47. Rc7 Bd5 48. Ra7 Rb2+ 49. Kc1 Rh2 50. Rc7 Rxh6 51. Rc8+ Kf7 52. Rc7+ Ke8 53. Ra7 Rh1+ 54. Kd2 Bb3 55. Ra6 Ra1 56. Rd6 Rxa3 57. Rxd4 Ra2+ 58. Kc1 Rg2 59. Rd3 Rc2+ 60. Kb1 Rg2 61. Kc1 Bd5 62. Rc3 Ra2 63. Kb1 Bb3 64. Kc1 Ra1+ 65. Kb2 Ra2+ 66. Kc1 Re2 67. Kb1 Bd5 68. Kc1 Kf8 69. Rc8+ Kg7 70. Rc3 Kh6 71. Rc7 Re3 72. Ra7 Rxg3 73. Rxa4 Rf3 74. Kd2 g5 75. fxg5+ Kxg5 76. Ra7 h5 77. Rh7 h4 78. Rh8 h3 79. Ke2 Kf4 80. Rh6 Rg3 81. Kd2 Rg2+ 82. Kc3 h2 83. Kb4 Rb2+ 84. Kc5 h1Q 85. Rxh1 Bxh1 86. Kd6 Bd5 87. Kc5 Ke4 88. Kd6 f4 89. Kc5 f3 90. Kd6 f2 91. Kc5 f1Q 92. Kd6 Qa6+ 93. Ke7 Rb7+ 94. Kf6 Qf1+ 95. Kg6 Rb2 96. Kg7 Rg2+ 97. Kh6 Qh1# 0-1

[Event "Sao Paulo-chT1"]
[Site "Sao Paulo"]
[Date "2019.03.09"]
[Round "6.1"]
[White "De Macedo, Camila Ferreira"]
[Black "Carvalho, Gregory"]
[Result "1-0"]
[WhiteElo "1678"]
[BlackElo "1600"]
[PlyCount "51"]
[EventDate "2019.02.23"]
[EventType "team-tourn"]
[EventRounds "7"]
[EventCountry "BRA"]
[SourceTitle "EXT 2021"]
[Source "ChessBase"]
[SourceDate "2020.10.23"]
[SourceVersion "1"]
[SourceVersionDate "2020.10.23"]
[SourceQuality "1"]
[WhiteTeam "Osasco III"]
[BlackTeam "Espaco Xadrez Total III"]
[WhiteTeamCountry "BRA"]
[BlackTeamCountry "BRA"]

1. Nf3 e6 2. c4 d5 3. d4 Nf6 4. Nc3 c5 5. e3 Nc6 6. Be2 Be7 7. 0-0 h6 8. dxc5 Bxc5 9. a3 0-0 10. b4 Be7 11. Bb2 a5 12. b5 Nb8 13. Rc1 b6 14. Qb3 Bb7 15. Rfd1 Qd6 16. cxd5 Bxd5 17. Nxd5 Nxd5 18. e4 Bg5 19. Nxg5 hxg5 20. exd5 Re8 21. dxe6 Qxe6 22. Qxe6 Rxe6 23. Rd8+ Kh7 24. Bd3+ g6 25. Rcc8 Re7 26. Rh8# 1-0

[Event "BRA-ch sf (Women)"]
[Site "Sao Paulo"]
[Date "2018.12.09"]
[Round "5"]
[White "Ichimura G Barbosa, Larissa Yuki"]
[Black "De Macedo, Camila Ferreira"]
[Result "1-0"]
[WhiteElo "1982"]
[BlackElo "1678"]
[PlyCount "99"]
[EventDate "2018.12.07"]
[EventType "swiss"]
[EventRounds "6"]
[EventCountry "BRA"]
[SourceTitle "EXT 2022"]
[Source "ChessBase"]
[SourceDate "2021.10.06"]
[SourceVersion "1"]
[SourceVersionDate "2021.10.06"]
[SourceQuality "1"]

1. e4 c5 2. Nf3 d6 3. d4 cxd4 4. Nxd4 Nf6 5. Nc3 g6 6. Be3 Bg7 7. f3 Nc6 8. Qd2 0-0 9. 0-0-0 d5 10. Qe1 e5 11. Nxc6 bxc6 12. exd5 cxd5 13. Bg5 d4 14. Qxe5 Nd7 15. Qxg7+ Kxg7 16. Bxd8 dxc3 17. Bc7 cxb2+ 18. Kxb2 a5 19. Rd5 a4 20. Bb5 Nf6 21. Rd3 Bf5 22. Rc3 Rac8 23. g4 Be6 24. Be5 Rxc3 25. Kxc3 h6 26. a3 Rc8+ 27. Kb2 Ra8 28. Rd1 g5 29. Rd4 Ra5 30. Bxf6+ Kxf6 31. Bxa4 Bd5 32. f4 gxf4 33. Rxf4+ Kg5 34. Rd4 Be6 35. Bb3 Bxg4 36. Bxf7 Kh4 37. Be6 h5 38. c4 Kh3 39. Bxg4+ hxg4 40. Rd2 Rc5 41. Kb3 Rc8 42. a4 Rb8+ 43. Kc3 Rb1 44. c5 Rc1+ 45. Rc2 Rxc2+ 46. Kxc2 Kxh2 47. c6 g3 48. c7 g2 49. c8Q g1Q 50. Qh8+ 1-0

[Event "Sao Paulo STD U2200 op 2nd"]
[Site "Sao Paulo"]
[Date "2018.09.08"]
[Round "1"]
[White "De Macedo, Camila Ferreira"]
[Black "Barberi, Catarina"]
[Result "1-0"]
[WhiteElo "1656"]
[BlackElo "1173"]
[PlyCount "109"]
[EventDate "2018.09.08"]
[EventType "swiss"]
[EventRounds "6"]
[EventCountry "BRA"]
[SourceTitle "EXT 2021"]
[Source "ChessBase"]
[SourceDate "2020.10.23"]
[SourceVersion "1"]
[SourceVersionDate "2020.10.23"]
[SourceQuality "1"]

1. c4 Nf6 2. Nf3 g6 3. Nc3 Bg7 4. d4 d6 5. e3 0-0 6. Be2 Nbd7 7. 0-0 e5 8. Qc2 b6 9. Rd1 Qe7 10. Nb5 Nb8 11. dxe5 dxe5 12. e4 Bb7 13. Nc3 Nc6 14. Nd5 Nxd5 15. cxd5 Nb4 16. Qa4 Qc5 17. Be3 Qa5 18. Qxa5 bxa5 19. Rac1 Rac8 20. a3 Na6 21. Bxa7 Ra8 22. Be3 Rfc8 23. Nd2 Nb8 24. Nc4 Nd7 25. Bg4 Rd8 26. Be2 Ba6 27. Bf1 Bxc4 28. Rxc4 Nb6 29. Rxc7 Nd7 30. Rdc1 Bf8 31. Bb5 Bd6 32. Rxd7 Rxd7 33. Bxd7 Rd8 34. Rc8 Rxc8 35. Bxc8 Kf8 36. Bd2 Ke8 37. Bxa5 Be7 38. b4 Bd8 39. Bxd8 Kxd8 40. Ba6 Kc7 41. b5 Kb6 42. d6 f5 43. Bc8 fxe4 44. d7 Kc7 45. b6+ Kxb6 46. d8Q+ Kc5 47. Be6 e3 48. Qd5+ Kb6 49. Bd7 e2 50. Qc6+ Ka7 51. Qc5+ Ka8 52. Bc6+ Kb8 53. Qb6+ Kc8 54. Qb7+ Kd8 55. Qd7# 1-0

[Event "BRA-ch U20 Girls"]
[Site "Sao Paulo"]
[Date "2018.06.30"]
[Round "4"]
[White "De Macedo, Camila Ferreira"]
[Black "Flores, Clarice Soares Leit"]
[Result "1-0"]
[WhiteElo "1663"]
[BlackElo "1338"]
[PlyCount "157"]
[EventDate "2018.06.28"]
[EventType "swiss"]
[EventRounds "6"]
[EventCountry "BRA"]
[SourceTitle "EXT 2019"]
[Source "ChessBase"]
[SourceDate "2018.10.10"]
[SourceVersion "1"]
[SourceVersionDate "2018.10.10"]
[SourceQuality "1"]

1. Nf3 Nf6 2. c4 c5 3. d4 b5 4. cxb5 a6 5. bxa6 cxd4 6. Nxd4 g6 7. a7 Rxa7 8. Nb5 Ra8 9. N1c3 Bg7 10. e4 d6 11. Qc2 0-0 12. Be2 Bb7 13. 0-0 Na6 14. Be3 Qd7 15. Rfd1 Bc6 16. e5 Ne8 17. exd6 exd6 18. Qd2 Rd8 19. Nxd6 Nxd6 20. Bxa6 Qg4 21. Bf1 Rd7 22. Qe2 Qe6 23. Bc5 Qf6 24. Bd4 Qf5 25. Bxg7 Kxg7 26. Rac1 Re8 27. Qd3 Ne4 28. Qc2 Red8 29. Nxe4 Bxe4 30. Qc3+ Kh6 31. Rxd7 Rxd7 32. Qe3+ Kg7 33. Qc3+ Kh6 34. f3 Bb7 35. Qc2 Qf4 36. Rd1 Qe3+ 37. Kh1 Re7 38. Qd2 Qxd2 39. Rxd2 Ba6 40. Rd1 Re6 41. Bxa6 Rxa6 42. a3 Ra7 43. Kg1 Rc7 44. b4 Rc3 45. a4 Rb3 46. b5 Rb4 47. Ra1 Kg5 48. Kf2 Kf4 49. g3+ Ke5 50. Re1+ Kd6 51. Re4 Rb2+ 52. Kg1 Rb1+ 53. Kg2 Rb2+ 54. Kh3 h5 55. Rc4 Kd5 56. Rc7 Ke6 57. Rb7 Rb4 58. a5 Ra4 59. a6 Ra5 60. a7 Kd6 61. b6 Kc6 62. Rb8 Ra6 63. a8Q+ Rxa8 64. Rxa8 Kxb6 65. Rf8 f5 66. Rf6+ Kc5 67. Rxg6 Kd5 68. Rg5 Ke5 69. Rxh5 Kf6 70. g4 fxg4+ 71. fxg4 Kg6 72. Kh4 Kf6 73. g5+ Kg6 74. Rh6+ Kf7 75. g6+ Kg7 76. Kg5 Kf8 77. Rh7 Kg8 78. Kf6 Kf8 79. Rh8# 1-0

[Event "BRA-ch U18 Girls"]
[Site "Sao Paulo"]
[Date "2018.03.30"]
[Round "3"]
[White "De Macedo, Camila Ferreira"]
[Black "Librelato, Ana Julia Goulart"]
[Result "0-1"]
[WhiteElo "1674"]
[BlackElo "1659"]
[PlyCount "132"]
[EventDate "2018.03.29"]
[EventType "swiss"]
[EventRounds "6"]
[EventCountry "BRA"]
[SourceTitle "EXT 2019"]
[Source "ChessBase"]
[SourceDate "2018.10.10"]
[SourceVersion "1"]
[SourceVersionDate "2018.10.10"]
[SourceQuality "1"]

1. Nf3 Nf6 2. c4 g6 3. Nc3 Bg7 4. d4 0-0 5. Bg5 d6 6. h3 Nbd7 7. Qd2 c5 8. Bh6 a6 9. Bxg7 Kxg7 10. e3 Qc7 11. d5 Nb6 12. a4 Re8 13. a5 Nbd7 14. Be2 Rb8 15. 0-0 b6 16. axb6 Rxb6 17. Rfd1 Bb7 18. Ng5 Rb8 19. Nge4 Bc8 20. Ra2 Qb7 21. Rb1 Rb4 22. Qc2 Nxe4 23. Nxe4 Ne5 24. Nd2 e6 25. f4 Nd7 26. Bf3 Qb6 27. Qc3+ e5 28. Bg4 f5 29. Be2 Kf7 30. Qc2 Bb7 31. Ra4 Re8 32. Kf2 Qd8 33. Nf3 h6 34. Rxb4 cxb4 35. Qd2 a5 36. b3 Nc5 37. Qb2 Qe7 38. fxe5 dxe5 39. g3 Ne4+ 40. Kg2 Kf6 41. Ra1 Qc5 42. Qc1 Ra8 43. Bd3 Nc3 44. Bf1 a4 45. bxa4 Rxa4 46. Rxa4 Nxa4 47. Qa1 Nc3 48. Qc1 Ne4 49. Qb2 Nc3 50. Qc1 Ba6 51. Ne1 Bxc4 52. Bxc4 Qxc4 53. Qd2 Qxd5+ 54. Qxd5 Nxd5 55. Kf2 Ke6 56. Nd3 e4 57. Nc5+ Kd6 58. Nb3 Kc6 59. Ke2 Kb5 60. g4 fxg4 61. hxg4 Nf6 62. Nd2 Kc5 63. Nb3+ Kc4 64. Nd2+ Kc3 65. Nb1+ Kc2 66. Nd2 b3 0-1

[Event "Sao Paulo op-C U1700 6th"]
[Site "Sao Paulo"]
[Date "2017.04.16"]
[Round "5"]
[White "De Macedo, Camila Ferreira"]
[Black "Da Costa, Carlos Henrique Luz"]
[Result "0-1"]
[WhiteElo "1685"]
[BlackElo "1554"]
[PlyCount "112"]
[EventDate "2017.04.14"]
[EventType "swiss"]
[EventRounds "6"]
[EventCountry "BRA"]
[SourceTitle "EXT 2019"]
[Source "ChessBase"]
[SourceDate "2018.10.10"]
[SourceVersion "1"]
[SourceVersionDate "2018.10.10"]
[SourceQuality "1"]

1. d4 g6 2. c4 Nf6 3. Nc3 d6 4. e4 Nbd7 5. Nf3 e5 6. d5 Nc5 7. Bd3 Bg7 8. b4 Nxd3+ 9. Qxd3 b6 10. 0-0 Bd7 11. h3 0-0 12. Be3 a5 13. a3 axb4 14. axb4 Qe7 15. Nd2 Nh5 16. Nb3 f5 17. f3 Ng3 18. Rfe1 fxe4 19. fxe4 Bf6 20. Bf2 Nh5 21. Ne2 Nf4 22. Nxf4 exf4 23. Bd4 Qg7 24. Rf1 Bxd4+ 25. Qxd4 Qxd4+ 26. Nxd4 Rxa1 27. Rxa1 Re8 28. Re1 Kf7 29. Kf2 Kf6 30. Kf3 Ke5 31. Rd1 g5 32. Ne2 Ra8 33. Rd3 Ra4 34. Rb3 Ra1 35. g4 Be8 36. c5 Bg6 37. Nc3 Rh1 38. Kg2 Re1 39. cxd6 cxd6 40. Ra3 Bxe4+ 41. Nxe4 Rxe4 42. Ra7 Kxd5 43. Rxh7 Kc6 44. Rg7 Re5 45. Rg6 Rd5 46. Kf3 Re5 47. Rxg5 Rxg5 48. Kxf4 Rb5 49. g5 Rxb4+ 50. Kg3 Kd5 51. h4 Ke6 52. h5 Kf7 53. Kh3 Re4 54. Kg3 b5 55. Kf3 Rh4 56. h6 Kg6 0-1

[Event "BRA-ch sf (Women)"]
[Site "Sao Paulo"]
[Date "2016.12.03"]
[Round "3"]
[White "De Macedo, Camila Ferreira"]
[Black "Heinrichs, Vivian"]
[Result "0-1"]
[WhiteElo "1714"]
[BlackElo "1967"]
[PlyCount "74"]
[EventDate "2016.12.02"]
[EventType "swiss"]
[EventRounds "6"]
[EventCountry "BRA"]
[SourceTitle "EXT 2018"]
[Source "ChessBase"]
[SourceDate "2017.10.13"]
[SourceVersion "1"]
[SourceVersionDate "2017.10.13"]
[SourceQuality "1"]

1. Nf3 Nf6 2. b3 d5 3. Bb2 e6 4. e3 Be7 5. d4 0-0 6. Nbd2 Nbd7 7. Bd3 c5 8. 0-0 b6 9. Ne5 Bb7 10. f4 Rc8 11. Qf3 Qc7 12. Qh3 Ne4 13. c4 f5 14. Ndf3 Rf6 15. g4 Nxe5 16. Nxe5 Rh6 17. Qg2 dxc4 18. bxc4 Ng5 19. d5 Nh3+ 20. Kh1 exd5 21. cxd5 Rd8 22. Bxf5 Rxd5 23. e4 Nxf4 24. Rxf4 Rxe5 25. Bxe5 Qxe5 26. Raf1 Rd6 27. g5 g6 28. Bg4 Rd4 29. Qh3 Rxe4 30. Rxe4 Bxe4+ 31. Bf3 Bf5 32. Qg2 Bd3 33. Rd1 c4 34. Bd5+ Kg7 35. Qf3 Bf5 36. h4 Bd6 37. Qg2 c3 0-1

[Event "BRA-ch sf (Women)"]
[Site "Sao Paulo"]
[Date "2016.12.03"]
[Round "4"]
[White "De Macedo, Camila Ferreira"]
[Black "Reis, Virginia Lagrange M"]
[Result "1/2-1/2"]
[WhiteElo "1714"]
[BlackElo "1818"]
[PlyCount "65"]
[EventDate "2016.12.02"]
[EventType "swiss"]
[EventRounds "6"]
[EventCountry "BRA"]
[SourceTitle "EXT 2018"]
[Source "ChessBase"]
[SourceDate "2017.10.13"]
[SourceVersion "1"]
[SourceVersionDate "2017.10.13"]
[SourceQuality "1"]

1. Nf3 Nf6 2. b3 d5 3. Bb2 c5 4. e3 Nc6 5. d4 e6 6. Nbd2 Bd6 7. Ne5 0-0 8. a3 cxd4 9. exd4 Qb6 10. Ndf3 Ne4 11. Bd3 Bxe5 12. Bxe4 dxe4 13. Nxe5 Nxe5 14. dxe5 e3 15. Qe2 exf2+ 16. Qxf2 Qxf2+ 17. Kxf2 Bd7 18. Rad1 Bc6 19. Rhe1 Rfd8 20. g3 Kf8 21. Bc3 Ke8 22. Bb4 Rxd1 23. Rxd1 Be4 24. Rd2 Rc8 25. c4 Rd8 26. Ke3 Rxd2 27. Kxd2 Kd7 28. Bc5 b6 29. Bd6 g6 30. Bb8 Kc6 31. b4 a6 32. Ke3 Bf5 33. Kd4 1/2-1/2